Optimalizovanie daňovej politiky – mysli globálne, konaj lokálne
Východiská, pojem a ciele daňovej politiky. Daňová politika z hľadiska daňovej ilúzie, daňovej kultúry a verejnej voľby. Základy optimálneho zdaňovania. Aktuálne priority daňovej politiky v EÚ.
Salvato in:
| Autore principale: | |
|---|---|
| Natura: | Capitolo di libro |
| Lingua: | slovacco |
| Soggetti: | |
| Tags: |
Nessun Tag, puoi essere il primo ad aggiungerne!!
|
MARC
| LEADER | 00000naa a2200000 4500 | ||
|---|---|---|---|
| 001 | 0196405 | ||
| 005 | 20220718123417.8 | ||
| 041 | 0 | |a slo | |
| 044 | |a SK | ||
| 245 | 1 | 0 | |a Optimalizovanie daňovej politiky – mysli globálne, konaj lokálne |c Emil Burák |
| 520 | |a Východiská, pojem a ciele daňovej politiky. Daňová politika z hľadiska daňovej ilúzie, daňovej kultúry a verejnej voľby. Základy optimálneho zdaňovania. Aktuálne priority daňovej politiky v EÚ. | ||
| 610 | 2 | 0 | |a Slovensko |
| 610 | 2 | 0 | |a politika daňová |
| 610 | 2 | 0 | |a optimalizácia daňová |
| 610 | 2 | 0 | |a politika hospodárska |
| 610 | 2 | 0 | |a Európska únia |
| 100 | 1 | |a Burák, Emil | |